000 00689nam a2200193Ia 4500
003 GCL
008 140319s9999 xx 000 0 ara d
040 _aGCL /
_cGCL
082 0 4 _aق
_b962
_bس ن
100 1 _aسنية قراعة
245 1 0 _aنمر السياسة المصرية /
_cسنية قراعة
250 _aالاولى
260 _aالقاهرة :
_bمكتب الصحافة الدولى ،
_c0
300 _a631 ص ؛
_c24 سم
650 0 4 _aالاحتلال البريطانى
650 0 4 _aمصر - تاريخ - العصر الحديث (1805 - 1956 )
650 0 4 _aمصر - تاريخ - العصر الحديث - الثورة العرابية
942 _2ddc
_cBK
999 _c28979
_d28979